Geography Quiz

Random Geography or City Quiz

Cities in Oregon Quiz Stats

Quiz not verified by Sporcle

Also try: Largest Lakes
Challenge
Share
Tweet
Embed
Score 0/10 Timer 04:00
0 Plays Today
Population size City % Correct
540,513Portland
100%
145,208Eugene
97.5%
146,922Salem
92.6%
69,638Medford
70.4%
82,648Beaverton
69.1%
65,756Bend
69.1%
50,701Corvallis
67.9%
98,851Gresham
54.3%
56,032Springfield
48.1%
82,320Hillsboro
43.2%

You're not logged in!

Compare scores with friends on all Sporcle quizzes.
Join for Free
OR
Log In

You Might Also Like...

Show Comments

Extras

Created Jun 8, 2010SourceReportNominate
Tags:City Quiz, oregon

Top Quizzes Today


Score Distribution

Your Account Isn't Verified!

In order to create a playlist on Sporcle, you need to verify the email address you used during registration. Go to your Sporcle Settings to finish the process.

Report this User

Report this user for behavior that violates our Community Guidelines.

Details: